000 00514nam a2200181 u 4500
001 000020292
005 20200929170342.0
008 100813s1981 xx 000 0 eng d
020 _a0812909550
040 _aDO-SdBNP
_bspa
_cBNPHU
041 0 7 _aeng
082 _axxx
_bxxxx
100 1 _aDemaris, Ovid.
_942928
245 1 0 _aThe last mafioso :
_bthe treacherous world of Jimmy Fratianno /
_cOvid Demaris.
260 _aNew York :
_bTimes Books,
_c1981.
300 _a463 p. ;
_c25 cm.
500 _aIncluye índice
999 _c19796
_d19796